[Event "Scottish op"]
[Site "Dunfermline"]
[Date "2025.07.08"]
[Round "3"]
[White "Grant, Jonathan"]
[Black "Christiansen, Johan Sebastian"]
[Result "0-1"]
[WhiteElo "2146"]
[BlackElo "2642"]
[PlyCount "66"]
[EventDate "2025.07.07"]
[EventType "swiss"]
[EventRounds "9"]
[EventCountry "SCO"]
[SourceTitle "CB29_2025"]
[SourceDate "2025.07.16"]
[SourceVersion "1"]
[SourceVersionDate "2025.07.16"]
[SourceQuality "1"]

1. c4 e5 2. Nc3 Nc6 3. g3 Bc5 4. Bg2 d6 5. e3 a6 6. Nge2 Ba7 7. h3 h5 8. d4 h4 9. g4 f5 10. Qc2 Nh6 11. d5 Nb8 12. gxf5 Nxf5 13. Bd2 0-0 14. 0-0-0 b5 15. Kb1 bxc4 16. Be4 Qf6 17. Rh2 Nd7 18. Rg1 Nc5 19. Rhg2 Rf7 20. Rg6 Qe7 21. R6g5 Ng3 22. Bh7+ Kf8 23. e4 Nd3 24. Nxg3 hxg3 25. R5xg3 Bxf2 26. Bg5 Qd7 27. Bf5 Rxf5 28. exf5 Bxg3 29. Rxg3 Qxf5 30. a3 Rb8 31. Nd1 Qf1 32. Ka2 Bf5 33. Ne3 Nc1+ 0-1

[Event "Scottish op"]
[Site "Dunfermline"]
[Date "2025.07.07"]
[Round "1"]
[White "Grant, Jonathan"]
[Black "Thompson, Connor"]
[Result "1-0"]
[WhiteElo "2146"]
[BlackElo "1824"]
[PlyCount "67"]
[EventDate "2025.07.07"]
[EventType "swiss"]
[EventRounds "9"]
[EventCountry "SCO"]
[SourceTitle "CB29_2025"]
[SourceDate "2025.07.16"]
[SourceVersion "1"]
[SourceVersionDate "2025.07.16"]
[SourceQuality "1"]

1. c4 Nf6 2. Nc3 g6 3. g3 Bg7 4. Bg2 c5 5. e4 Nc6 6. Nge2 e5 7. d3 h6 8. 0-0 0-0 9. f4 d6 10. f5 Kh7 11. h3 Ne7 12. g4 g5 13. Bf3 Ne8 14. Kg2 Bf6 15. Be3 Nc7 16. Qd2 Bd7 17. Ng3 a6 18. Nh5 Ng8 19. Rh1 Be7 20. Kf2 b5 21. Rag1 b4 22. Ne2 f6 23. h4 a5 24. Rg2 Be8 25. Neg3 Na6 26. Rgh2 Nb8 27. Nxf6+ Bxf6 28. hxg5 Bg7 29. g6+ Bxg6 30. Bxh6 Nxh6 31. Qxh6+ Bxh6 32. Rxh6+ Kg8 33. Rxg6+ Kf7 34. Rh7+ 1-0

[Event "Scottish op"]
[Site "Dunfermline"]
[Date "2024.07.14"]
[Round "9"]
[White "Burnett, Walter"]
[Black "Grant, Jonathan"]
[Result "0-1"]
[WhiteElo "1939"]
[BlackElo "2139"]
[PlyCount "48"]
[EventDate "2024.07.08"]
[EventType "swiss"]
[EventRounds "9"]
[EventCountry "SCO"]
[SourceTitle "CBM 221 Extra"]
[Source "ChessBase"]
[SourceDate "2024.09.30"]
[SourceVersion "1"]
[SourceVersionDate "2024.09.30"]
[SourceQuality "1"]

1. f4 d5 2. Nf3 Nf6 3. g3 g6 4. Bg2 Bg7 5. d3 c5 6. 0-0 Nc6 7. c3 0-0 8. Na3 Rb8 9. Qe1 b6 10. e4 dxe4 11. dxe4 e5 12. f5 Ba6 13. Rf2 Qc7 14. Bh3 Bd3 15. fxg6 Nxe4 16. gxh7+ Kh8 17. Rg2 f5 18. Nh4 Ne7 19. c4 Rbd8 20. Nb5 Qd7 21. b3 a6 22. Na3 Qd6 23. Bb2 Ng5 24. Nxf5 Nxh3+ 0-1

[Event "Scottish op"]
[Site "Dunfermline"]
[Date "2024.07.09"]
[Round "2"]
[White "Grant, Jonathan"]
[Black "Liu, Jason1"]
[Result "1/2-1/2"]
[WhiteElo "2139"]
[BlackElo "2125"]
[PlyCount "50"]
[EventDate "2024.07.08"]
[EventType "swiss"]
[EventRounds "9"]
[EventCountry "SCO"]
[SourceTitle "CBM 221 Extra"]
[Source "ChessBase"]
[SourceDate "2024.09.30"]
[SourceVersion "1"]
[SourceVersionDate "2024.09.30"]
[SourceQuality "1"]

1. c4 Nf6 2. Nc3 e6 3. e4 d5 4. e5 d4 5. exf6 dxc3 6. bxc3 Qxf6 7. Nf3 b6 8. d4 Bb7 9. Bd3 h6 10. Qe2 Bxf3 11. gxf3 Nd7 12. Qe4 Rd8 13. Rg1 Bd6 14. h4 Kf8 15. Ke2 e5 16. Be3 exd4 17. cxd4 c5 18. d5 Ne5 19. Rad1 Re8 20. h5 Nxd3 21. Qxd3 Re5 22. Qa3 Qe7 23. Qa6 Kg8 24. Qc8+ Kh7 25. Qg4 Rg8 1/2-1/2

[Event "EU-chT 24th"]
[Site "Budva"]
[Date "2023.11.18"]
[Round "7.4"]
[White "Grant, Jonathan"]
[Black "Kjartansson, Gudmundur"]
[Result "0-1"]
[WhiteElo "2150"]
[BlackElo "2449"]
[PlyCount "166"]
[EventDate "2023.11.11"]
[EventType "team-swiss"]
[EventRounds "9"]
[EventCountry "MNE"]
[SourceTitle "CBM 217 Extra"]
[Source "ChessBase"]
[SourceDate "2024.01.31"]
[SourceVersion "1"]
[SourceVersionDate "2024.01.31"]
[SourceQuality "1"]
[WhiteTeam "Scotland"]
[BlackTeam "Iceland"]
[WhiteTeamCountry "SCO"]
[BlackTeamCountry "ISL"]

1. c4 c6 2. Nf3 d5 3. e3 Nf6 4. Nc3 e6 5. b3 Bd6 6. Bb2 e5 7. cxd5 cxd5 8. Nb5 Nc6 9. Nxd6+ Qxd6 10. Bb5 e4 11. Nd4 0-0 12. Nxc6 bxc6 13. Be2 Re8 14. 0-0 Bf5 15. Rc1 Re6 16. f4 exf3 17. Bxf3 Bd3 18. Be2 Bxe2 19. Qxe2 Ne4 20. d3 Nf6 21. Bxf6 Rxf6 22. Rxf6 Qxf6 23. Qf3 Qe6 24. e4 Rd8 25. Qf5 Qh6 26. Rf1 Qe3+ 27. Kh1 f6 28. Qe6+ Kh8 29. Qe7 Rg8 30. h3 h6 31. Rf3 Qd4 32. exd5 cxd5 33. Qd7 a5 34. Rf5 Qxd3 35. Qxd5 Qb1+ 36. Kh2 Qxa2 37. Qb5 Qa3 38. Rd5 Ra8 39. Qb7 Qf8 40. Rd7 Rd8 41. Qd5 Rxd7 42. Qxd7 Qb8+ 43. Kh1 Qe5 44. Qf7 Kh7 45. Kg1 h5 46. Kh1 Kh6 47. Qc4 f5 48. Qc1+ f4 49. Qd1 h4 50. Qf1 g6 51. Qf2 Kg5 52. Qd2 Kh5 53. Qd1+ Kh6 54. Qd2 Qe3 55. Qd1 f3 56. gxf3 Qf2 57. Qc1+ Kh5 58. Qc3 Qf1+ 59. Kh2 Qf2+ 60. Kh1 Qf1+ 61. Kh2 Qe2+ 62. Kg1 Qd1+ 63. Kf2 Qd8 64. Qe5+ g5 65. Ke2 Qb6 66. f4 Qd8 67. f5 Qa8 68. Kd2 Qg2+ 69. Kc1 Qxh3 70. f6 Kg6 71. Kb2 Qd7 72. Ka3 h3 73. Qxa5 Qd6+ 74. b4 h2 75. Qa8 Qd3+ 76. Ka2 Qc2+ 77. Ka3 Qc1+ 78. Ka2 h1Q 79. Qe8+ Kxf6 80. Qd8+ Ke5 81. Qe7+ Kf4 82. Qd6+ Kg4 83. Qd7+ Kg3 0-1

[Event "EU-chT 24th"]
[Site "Budva"]
[Date "2023.11.15"]
[Round "5.4"]
[White "Rodgaard, John"]
[Black "Grant, Jonathan"]
[Result "1/2-1/2"]
[WhiteElo "2281"]
[BlackElo "2150"]
[PlyCount "129"]
[EventDate "2023.11.11"]
[EventType "team-swiss"]
[EventRounds "9"]
[EventCountry "MNE"]
[SourceTitle "CBM 217 Extra"]
[Source "ChessBase"]
[SourceDate "2024.01.31"]
[SourceVersion "1"]
[SourceVersionDate "2024.01.31"]
[SourceQuality "1"]
[WhiteTeam "Faroe Islands"]
[BlackTeam "Scotland"]
[WhiteTeamCountry "FAI"]
[BlackTeamCountry "SCO"]

1. Nf3 d5 2. d4 Nf6 3. c4 e6 4. Nc3 a6 5. cxd5 exd5 6. Bg5 Be6 7. e3 Nbd7 8. Bd3 Bd6 9. 0-0 c6 10. Bf4 Qc7 11. Qd2 h6 12. Rfe1 0-0 13. h3 Rfe8 14. Bxd6 Qxd6 15. Rac1 g6 16. a3 Kg7 17. Qc2 Re7 18. Na4 Ne4 19. b4 f5 20. Nc5 Ndf6 21. Ne5 Rf8 22. f3 Nxc5 23. bxc5 Qc7 24. Rb1 Bc8 25. Rb2 Nd7 26. f4 Nxe5 27. fxe5 Qd8 28. Rf1 Kh8 29. g3 Rg7 30. Qh2 h5 31. Rbf2 Rh7 32. Rf4 Rg8 33. Qg2 Qa5 34. Qb2 Qd8 35. Kh2 Rgg7 36. Qg2 Be6 37. Kg1 Qa5 38. Qb2 Qd8 39. Bb1 Rg8 40. Qg2 Qa5 41. Qb2 Qd8 42. Qd2 Kg7 43. Qe1 Kf8 44. Bc2 Ke8 45. Kh2 Kd7 46. Bd3 Rgh8 47. Qe2 Qa5 48. Qb2 Kc8 49. Rb1 Kb8 50. Qb4 Qxb4 51. Rxb4 Kc7 52. Rb1 Rh6 53. Rf2 Bc8 54. Kg2 R6h7 55. Rh1 Rg7 56. Be2 Rgh7 57. Bf3 Kd8 58. Kf1 Ke7 59. Ke2 Rf8 60. Kd2 h4 61. Rg2 Kf7 62. g4 Kg7 63. Rhg1 Kh6 64. Ke2 Rhf7 65. g5+ 1/2-1/2

[Event "Wch Seniors 50 31st"]
[Site "Terassini"]
[Date "2023.10.26"]
[Round "2"]
[White "Paschall, William M"]
[Black "Grant, Jonathan"]
[Result "0-1"]
[WhiteElo "2329"]
[BlackElo "2150"]
[PlyCount "65"]
[EventDate "2023.10.25"]
[EventType "swiss"]
[EventRounds "11"]
[EventCountry "ITA"]
[SourceTitle "CBM 217 Extra"]
[Source "ChessBase"]
[SourceDate "2024.01.31"]
[SourceVersion "1"]
[SourceVersionDate "2024.01.31"]
[SourceQuality "1"]

1. Nf3 Nf6 2. c4 e6 3. d4 d5 4. Nc3 a6 5. cxd5 exd5 6. Bg5 Be6 7. e3 Nbd7 8. Bd3 Bd6 9. Bh4 c6 10. Bg3 Qc7 11. Rc1 0-0 12. Bb1 Rae8 13. Bxd6 Qxd6 14. Ng5 g6 15. Nxe6 Rxe6 16. 0-0 Nh5 17. Bf5 Re7 18. Bxd7 Qxd7 19. Na4 f5 20. Nc5 Qe8 21. Nd3 f4 22. Ne5 g5 23. Rc3 Ng7 24. Re1 Nf5 25. exf4 gxf4 26. Qg4+ Rg7 27. Qxf4 Qh5 28. a3 Nh4 29. Qd2 Rxg2+ 30. Kf1 Rxh2 31. Rg3+ Kh8 32. Ree3 Nf5 33. Ref3 0-1

[Event "Colonia de Sant Jordi op 2nd"]
[Site "Colonia de Sant Jordi"]
[Date "2023.06.15"]
[Round "6"]
[White "Schmuck, Corentin"]
[Black "Grant, Jonathan"]
[Result "1-0"]
[WhiteElo "2092"]
[BlackElo "2161"]
[PlyCount "59"]
[EventDate "2023.06.10"]
[EventType "swiss"]
[EventRounds "9"]
[EventCountry "ESP"]
[SourceTitle "CBM 214 Extra"]
[Source "ChessBase"]
[SourceDate "2023.07.31"]
[SourceVersion "1"]
[SourceVersionDate "2023.07.31"]
[SourceQuality "1"]

1. e4 c6 2. d4 d5 3. e5 Bf5 4. g4 Be4 5. f3 Bg6 6. e6 fxe6 7. h4 h5 8. Bd3 Bxd3 9. Qxd3 Qd6 10. Ne2 Nd7 11. Qg6+ Kd8 12. Nf4 Ngf6 13. Qf7 hxg4 14. Nxe6+ Kc8 15. Bf4 Qb4+ 16. Nd2 g5 17. Bxg5 Rh7 18. Qg6 Qd6 19. Nf4 e5 20. Bxf6 Nxf6 21. Qf5+ Kd8 22. dxe5 Re7 23. Ng6 Re8 24. 0-0-0 Qd7 25. Qxf6+ Kc7 26. fxg4 Qxg4 27. Nb3 Bh6+ 28. Kb1 d4 29. Qd6+ Kc8 30. Nxd4 1-0

[Event "Colonia de Sant Jordi op 2nd"]
[Site "Colonia de Sant Jordi"]
[Date "2023.06.12"]
[Round "3"]
[White "Grant, Jonathan"]
[Black "Rinaldi, Francesco Saverio"]
[Result "1-0"]
[WhiteElo "2161"]
[BlackElo "2086"]
[PlyCount "35"]
[EventDate "2023.06.10"]
[EventType "swiss"]
[EventRounds "9"]
[EventCountry "ESP"]
[SourceTitle "CBM 214 Extra"]
[Source "ChessBase"]
[SourceDate "2023.07.31"]
[SourceVersion "1"]
[SourceVersionDate "2023.07.31"]
[SourceQuality "1"]

1. c4 e5 2. Nc3 Nc6 3. g3 f5 4. Nf3 Nf6 5. d4 e4 6. Nh4 d6 7. Ng2 Bd7 8. h4 Na5 9. e3 b6 10. b4 Nb7 11. Nf4 g6 12. Bb2 Bg7 13. h5 Kf7 14. h6 Bf8 15. c5 c6 16. d5 dxc5 17. dxc6 Bxc6 18. Qb3+ 1-0

[Event "Colonia de Sant Jordi op-A"]
[Site "Colonia de Sant Jordi"]
[Date "2022.06.09"]
[Round "6"]
[White "Grant, Jonathan"]
[Black "Marin Ferragut, Pau"]
[Result "0-1"]
[WhiteElo "2157"]
[BlackElo "2072"]
[PlyCount "58"]
[EventDate "2022.06.04"]
[EventType "swiss"]
[EventRounds "9"]
[EventCountry "ESP"]
[SourceTitle "CBM 208 Extra"]
[Source "ChessBase"]
[SourceDate "2022.07.31"]
[SourceVersion "1"]
[SourceVersionDate "2022.07.31"]
[SourceQuality "1"]

1. c4 g6 2. Nc3 Bg7 3. g3 d6 4. Bg2 e5 5. e4 f5 6. d3 Nf6 7. Nge2 0-0 8. 0-0 Nc6 9. Nd5 Be6 10. Bg5 Qd7 11. Qd2 Nh5 12. exf5 gxf5 13. f4 h6 14. Bh4 Rae8 15. Rae1 Nd8 16. Bf3 Bf7 17. Qa5 Ne6 18. g4 Nhxf4 19. gxf5 Nd4 20. Nexf4 exf4 21. f6 Nxf3+ 22. Rxf3 Qg4+ 23. Bg3 Rxe1+ 24. Qxe1 Qxf3 25. fxg7 Kxg7 26. Qc3+ Kh7 27. Nxf4 Qe3+ 28. Kg2 Be8 29. Nd5 Qf3+ 0-1

[Event "Colonia de Sant Jordi op-A"]
[Site "Colonia de Sant Jordi"]
[Date "2022.06.06"]
[Round "3"]
[White "Calzetta Ruiz, Monica"]
[Black "Grant, Jonathan"]
[Result "0-1"]
[WhiteElo "2230"]
[BlackElo "2157"]
[PlyCount "81"]
[EventDate "2022.06.04"]
[EventType "swiss"]
[EventRounds "9"]
[EventCountry "ESP"]
[SourceTitle "CBM 208 Extra"]
[Source "ChessBase"]
[SourceDate "2022.07.31"]
[SourceVersion "1"]
[SourceVersionDate "2022.07.31"]
[SourceQuality "1"]

1. e4 c6 2. c4 d5 3. exd5 cxd5 4. cxd5 Nf6 5. Nc3 Nxd5 6. Nf3 Nxc3 7. bxc3 Qc7 8. Ba3 Nd7 9. Bb5 a6 10. Be2 e6 11. Bxf8 Nxf8 12. 0-0 Ng6 13. Re1 0-0 14. d4 Qxc3 15. Rc1 Qa3 16. Bd3 Bd7 17. Ng5 Rfc8 18. Rxc8+ Rxc8 19. h4 Rc3 20. Be4 h6 21. Nxf7 Kxf7 22. Qh5 Rc1 23. Bxg6+ Kf8 24. Qe2 Qc3 25. Rd1 Ke7 26. d5 Qa1 27. d6+ Kd8 28. Rxc1 Qxc1+ 29. Qf1 Qxf1+ 30. Kxf1 Bb5+ 31. Ke1 Kd7 32. f4 Bc4 33. a3 Kxd6 34. g4 Kd5 35. Kd2 Kd4 36. g5 b5 37. gxh6 gxh6 38. f5 Bd3 39. Be8 exf5 40. Bh5 a5 41. Bg6 0-1

[Event "Colonia de Sant Jordi op-A"]
[Site "Colonia de Sant Jordi"]
[Date "2022.06.05"]
[Round "2"]
[White "Grant, Jonathan"]
[Black "Rahal, Michael"]
[Result "0-1"]
[WhiteElo "2157"]
[BlackElo "2335"]
[PlyCount "74"]
[EventDate "2022.06.04"]
[EventType "swiss"]
[EventRounds "9"]
[EventCountry "ESP"]
[SourceTitle "CBM 208 Extra"]
[Source "ChessBase"]
[SourceDate "2022.07.31"]
[SourceVersion "1"]
[SourceVersionDate "2022.07.31"]
[SourceQuality "1"]

1. c4 g6 2. Nc3 Bg7 3. g3 c5 4. Bg2 Nc6 5. e4 d6 6. Nge2 e6 7. d3 Nge7 8. Bg5 a6 9. Qd2 Nd4 10. 0-0 h6 11. Be3 Nec6 12. h3 Bd7 13. Rae1 b5 14. a3 Rb8 15. cxb5 axb5 16. b4 Ra8 17. e5 Nxe5 18. f4 Nec6 19. bxc5 dxc5 20. f5 gxf5 21. Nf4 h5 22. Qc1 Rc8 23. Qd1 b4 24. axb4 cxb4 25. Nb1 h4 26. Nh5 Rxh5 27. Qxh5 hxg3 28. Bf4 Ne7 29. Nd2 Bb5 30. Qh7 Bf6 31. Nc4 Bxc4 32. dxc4 Rxc4 33. Bxg3 Rc2 34. Rf2 b3 35. Qh6 Ng6 36. Qh5 b2 37. Rxc2 Nxc2 0-1

[Event "WchT Seniors 50"]
[Site "Prague"]
[Date "2020.03.06"]
[Round "1.14"]
[White "Gallinnisova, Vaclava"]
[Black "Grant, Jonathan"]
[Result "1/2-1/2"]
[WhiteElo "2027"]
[BlackElo "2166"]
[PlyCount "184"]
[EventDate "2020.03.06"]
[EventType "team-swiss"]
[EventRounds "7"]
[EventCountry "CZE"]
[SourceTitle "CBM 195 Extra"]
[Source "ChessBase"]
[SourceDate "2020.05.31"]
[SourceVersion "1"]
[SourceVersionDate "2020.05.31"]
[SourceQuality "1"]
[WhiteTeam "Czech Republic 50 (W) II"]
[BlackTeam "Scotland 50"]
[WhiteTeamCountry "CZE"]
[BlackTeamCountry "SCO"]

1. e4 c6 2. Nc3 d5 3. d3 e5 4. Nf3 Nf6 5. exd5 cxd5 6. d4 e4 7. Bb5+ Nc6 8. Ne5 Qc7 9. Bg5 Be6 10. 0-0 Be7 11. Nxc6 bxc6 12. Be2 Bd6 13. h3 Nd7 14. Qd2 f5 15. f4 0-0 16. Nd1 c5 17. c3 cxd4 18. cxd4 Rfc8 19. Nc3 a6 20. Rac1 Qa5 21. Nxe4 Bb4 22. Nc3 Nf8 23. a3 Bxc3 24. Rxc3 Rxc3 25. Qxc3 Qxc3 26. bxc3 Ng6 27. Bh5 Rb8 28. Bxg6 hxg6 29. Be7 a5 30. Rc1 Rb3 31. Kf2 Kf7 32. Bc5 Rb2+ 33. Kg1 Rb3 34. Kf2 Bc8 35. Re1 Ba6 36. Re7+ Kf6 37. Ra7 Rb2+ 38. Kf3 Bf1 39. Rxa5 Bxg2+ 40. Ke3 Bf1 41. Ra8 g5 42. Rf8+ Kg6 43. fxg5 Kxg5 44. Kf3 Bxh3 45. Be7+ Kg6 46. a4 Rd2 47. Ra8 Bg4+ 48. Kg3 Re2 49. Bb4 Kg5 50. Bd6 Re3+ 51. Kg2 f4 52. Rg8 f3+ 53. Kg3 Rxc3 54. Rxg7+ Kf5 55. a5 Rc2 56. Rxg4 Rg2+ 57. Kxf3 Rxg4 58. Bc5 Rg6 59. Bb6 Rc6 60. Bc5 Rh6 61. Kg3 Ke4 62. Kf2 Rh2+ 63. Kg3 Ra2 64. Bb6 Ra1 65. Kf2 Ra3 66. Kg2 Kf4 67. Bc7+ Ke3 68. Bb6 Ke2 69. Bd8 Rf3 70. Bb6 Rb3 71. Bc5 Rb2 72. a6 Ke3+ 73. Kg3 Ra2 74. a7 Ke4 75. Bb6 Kf5 76. Kh4 Ra3 77. Bc5 Ra6 78. Kg3 Rg6+ 79. Kf3 Ra6 80. Ke3 Ke6 81. Kd3 Kd7 82. Kc3 Kc6 83. Kd3 Kb7 84. Kc3 Ra1 85. Kb4 Rb1+ 86. Ka5 Rb3 87. Ka4 Rb1 88. Ka5 Rb3 89. Ka4 Rc3 90. Kb4 Rc4+ 91. Kb5 Rc1 92. Kb4 Rb1+ 1/2-1/2

[Event "SCO-ch 126th"]
[Site "Edinburgh"]
[Date "2019.07.13"]
[Round "8"]
[White "Grant, Jonathan"]
[Black "Paul, Rabindra"]
[Result "1-0"]
[WhiteElo "2183"]
[BlackElo "1876"]
[PlyCount "99"]
[EventDate "2019.07.06"]
[EventType "swiss"]
[EventRounds "9"]
[EventCountry "SCO"]
[SourceTitle "CBM 191 Extra"]
[Source "ChessBase"]
[SourceDate "2019.09.30"]
[SourceVersion "1"]
[SourceVersionDate "2019.09.30"]
[SourceQuality "1"]

1. c4 Nf6 2. Nc3 e6 3. e4 d5 4. e5 d4 5. exf6 dxc3 6. bxc3 Qxf6 7. d4 h6 8. Nf3 Bd6 9. Bd3 Nd7 10. Rb1 0-0 11. Qe2 Re8 12. c5 Bf8 13. 0-0 c6 14. Qe4 g6 15. Bf4 Qg7 16. Ne5 f5 17. Qe2 Nxe5 18. Bxe5 Qf7 19. f4 h5 20. Rf3 Kh7 21. h3 Be7 22. g4 Rg8 23. Kf2 Bh4+ 24. Ke3 Bd8 25. Rg3 Bf6 26. gxf5 exf5 27. Bc4 Be6 28. Bxe6 Qxe6 29. Rxb7+ Kh6 30. Kf2 Rae8 31. Re3 Bh4+ 32. Kg1 Qd5 33. Bd6 Re4 34. Rxe4 fxe4 35. Qe3 g5 36. f5 Qxf5 37. Rb1 Qf3 38. Qxf3 exf3 39. Rb8 Rg6 40. Rh8+ Kg7 41. Be5+ Kf7 42. Rxh5 Ke6 43. c4 Kf5 44. Rh8 Ke4 45. Kf1 Kd3 46. d5 Kxc4 47. d6 Re6 48. d7 Rxe5 49. Rxh4+ gxh4 50. d8Q 1-0

[Event "SCO-ch 126th"]
[Site "Edinburgh"]
[Date "2019.07.12"]
[Round "7"]
[White "Irving, Neil"]
[Black "Grant, Jonathan"]
[Result "1-0"]
[WhiteElo "1913"]
[BlackElo "2183"]
[PlyCount "73"]
[EventDate "2019.07.06"]
[EventType "swiss"]
[EventRounds "9"]
[EventCountry "SCO"]
[SourceTitle "CBM 191 Extra"]
[Source "ChessBase"]
[SourceDate "2019.09.30"]
[SourceVersion "1"]
[SourceVersionDate "2019.09.30"]
[SourceQuality "1"]

1. d4 Nf6 2. Nf3 e6 3. Bg5 h6 4. Bxf6 Qxf6 5. e4 d6 6. Bd3 Nd7 7. 0-0 Qd8 8. e5 d5 9. Qe2 Be7 10. Rd1 0-0 11. Nbd2 c5 12. c3 Qb6 13. Nf1 f5 14. exf6 Bxf6 15. Ng3 Re8 16. Ne5 c4 17. Qh5 Rf8 18. Nxd7 Bxd7 19. Bc2 Be8 20. Qe2 Bh4 21. b3 cxb3 22. axb3 Rf6 23. Nh1 Rf8 24. Qd3 Bh5 25. Qh7+ Kf7 26. Re1 Rh8 27. Qd3 Bg5 28. Ng3 g6 29. Nxh5 gxh5 30. Qg6+ Ke7 31. Bf5 Kf8 32. Rxe6 Qc7 33. Rae1 Qf7 34. R1e5 Rg8 35. Qxf7+ Kxf7 36. Rxd5 Rad8 37. Red6 1-0

[Event "SCO-ch 126th"]
[Site "Edinburgh"]
[Date "2019.07.07"]
[Round "2"]
[White "Banzea, Alexandru Bogdan"]
[Black "Grant, Jonathan"]
[Result "1-0"]
[WhiteElo "2405"]
[BlackElo "2183"]
[PlyCount "91"]
[EventDate "2019.07.06"]
[EventType "swiss"]
[EventRounds "9"]
[EventCountry "SCO"]
[SourceTitle "CBM 191 Extra"]
[Source "ChessBase"]
[SourceDate "2019.09.30"]
[SourceVersion "1"]
[SourceVersionDate "2019.09.30"]
[SourceQuality "1"]

1. e4 c6 2. d4 d5 3. e5 Bf5 4. h4 h5 5. Bd3 Bxd3 6. Qxd3 Qa5+ 7. Nd2 Qa6 8. c4 e6 9. Ngf3 Ne7 10. 0-0 Nd7 11. b3 Nf5 12. a4 Be7 13. Ba3 c5 14. dxc5 Nxc5 15. Qb1 dxc4 16. b4 Nb3 17. Nxb3 cxb3 18. b5 Qb6 19. Qxb3 0-0 20. a5 Qd8 21. Rfd1 Qe8 22. Bd6 Rd8 23. Qb4 Rd7 24. Rd2 Qc8 25. Rad1 Nxd6 26. exd6 Bf6 27. Rd3 Qc2 28. Nd4 Qc8 29. Nb3 b6 30. axb6 axb6 31. Rc1 Qb8 32. Rc6 Rfd8 33. Nd2 Ra7 34. g3 Ra1+ 35. Kg2 Qa8 36. Nc4 Qa2 37. Rd2 Rb1 38. Rxa2 Rxb4 39. Nxb6 Rxb5 40. Nc4 Rd5 41. Ra7 Bd4 42. Ra5 f6 43. Rxd5 exd5 44. Na5 Be5 45. f4 Bb2 46. Nb7 1-0

[Event "WchT Seniors 50"]
[Site "Rhodes"]
[Date "2019.04.24"]
[Round "9.6"]
[White "Grant, Jonathan"]
[Black "Mitrandzas, Athanasios"]
[Result "1/2-1/2"]
[WhiteElo "2226"]
[BlackElo "2055"]
[PlyCount "120"]
[EventDate "2019.04.16"]
[EventType "team-swiss"]
[EventRounds "9"]
[EventCountry "GRE"]
[SourceTitle "CBM 190 Extra"]
[Source "ChessBase"]
[SourceDate "2019.07.15"]
[SourceVersion "1"]
[SourceVersionDate "2019.07.15"]
[SourceQuality "1"]
[WhiteTeam "Scotland"]
[BlackTeam "Athens Vets"]
[WhiteTeamCountry "SCO"]
[BlackTeamCountry "GRE"]

1. c4 c5 2. Nc3 Nc6 3. g3 g6 4. Bg2 Bg7 5. e4 e6 6. Nge2 Nge7 7. 0-0 0-0 8. d3 Nd4 9. Rb1 Nec6 10. a3 a5 11. Nxd4 cxd4 12. Nb5 d6 13. b4 e5 14. Bd2 axb4 15. axb4 Be6 16. Qc2 Qd7 17. Ra1 f5 18. Rxa8 Rxa8 19. f4 exf4 20. Bxf4 Nxb4 21. Qd2 Nc6 22. exf5 Bxf5 23. Bd5+ Kh8 24. Nxd6 Be6 25. Nxb7 Bxd5 26. Nc5 Qe7 27. cxd5 Qxc5 28. dxc6 Qxc6 29. Rc1 Qe6 30. Re1 Qb3 31. Qg2 Rf8 32. Qe4 Qb5 33. Ra1 g5 34. Bd6 Qb2 35. Rf1 Rxf1+ 36. Kxf1 Qc1+ 37. Kg2 Qc2+ 38. Kg1 Qc1+ 39. Kf2 h6 40. Qe8+ Kh7 41. Qe4+ Kh8 42. g4 Qb2+ 43. Kg3 Qb5 44. Kf3 Qb1 45. Kf2 Qc1 46. Bg3 Qc5 47. Kg2 Qb5 48. h4 gxh4 49. Bxh4 Qc5 50. Bg3 Qb5 51. Bf4 Qb2+ 52. Kf3 Qb1 53. Kf2 Qb2+ 54. Qe2 Qb5 55. Kg3 Qb1 56. Kh2 Qb5 57. Qe6 Qxd3 58. Bxh6 Bxh6 59. Qxh6+ Qh7 60. Qxh7+ Kxh7 1/2-1/2

[Event "Wch Seniors 50 28th"]
[Site "Bled"]
[Date "2018.11.19"]
[Round "2"]
[White "Grant, Jonathan"]
[Black "Soffer, Ram"]
[Result "0-1"]
[WhiteElo "2192"]
[BlackElo "2472"]
[PlyCount "64"]
[EventDate "2018.11.18"]
[EventType "swiss"]
[EventRounds "11"]
[EventCountry "SLO"]
[SourceTitle "CBM 187 Extra"]
[Source "ChessBase"]
[SourceDate "2018.11.04"]
[SourceVersion "1"]
[SourceVersionDate "2018.11.04"]
[SourceQuality "1"]

1. c4 Nf6 2. Nc3 e5 3. Nf3 Nc6 4. e3 Be7 5. d4 exd4 6. exd4 d5 7. Bg5 Be6 8. c5 Ne4 9. Be3 0-0 10. Bb5 Nxc3 11. bxc3 Na5 12. 0-0 Nc4 13. Bf4 b6 14. Bc6 Rb8 15. Qa4 bxc5 16. Qxa7 Bd6 17. Bg5 f6 18. Bh4 Rb6 19. Ba4 Qc8 20. dxc5 Ra6 21. Qxa6 Qxa6 22. cxd6 Qxa4 23. dxc7 Nd2 24. Bg3 Nxf1 25. Kxf1 Qc4+ 26. Kg1 Qxc3 27. Re1 Bg4 28. Re7 Qc5 29. Re1 Bxf3 30. gxf3 Rc8 31. Rd1 Kf7 32. a4 Ke6 0-1

[Event "Douglas IoM op"]
[Site "Douglas"]
[Date "2018.10.28"]
[Round "9"]
[White "Mortazavi, Ali"]
[Black "Grant, Jonathan"]
[Result "1-0"]
[WhiteElo "2353"]
[BlackElo "2203"]
[PlyCount "105"]
[EventDate "2018.10.20"]
[EventType "swiss"]
[EventRounds "9"]
[EventCountry "ENG"]
[SourceTitle "CBM 187"]
[Source "ChessBase"]
[SourceDate "2018.12.11"]
[SourceVersion "1"]
[SourceVersionDate "2018.12.11"]
[SourceQuality "1"]

1. Nf3 Nf6 2. g3 d5 3. Bg2 Bf5 4. 0-0 c6 5. d3 e6 6. b3 Nbd7 7. Bb2 Bd6 8. c4 Qe7 9. Nc3 Ba3 10. Bxa3 Qxa3 11. cxd5 Nxd5 12. Nb1 Qb2 13. Nbd2 Nc3 14. Qe1 Nb6 15. Ne5 0-0 16. g4 Bg6 17. h4 h5 18. Nxg6 fxg6 19. Bf3 hxg4 20. Bxg4 Rf4 21. f3 Nxa2 22. e3 Rxg4+ 23. fxg4 Nb4 24. Qf2 Nxd3 25. Qf7+ Kh8 26. Ne4 Qe2 27. Qf8+ Kh7 28. Ng5+ Kh6 29. Qf3 Qxf3 30. Rxf3 Ne5 31. Rf4 Nbd7 32. Nxe6 a6 33. Rd1 Re8 34. Rd6 Kh7 35. g5 Kg8 36. Kg2 Re7 37. Kg3 Nf7 38. Rd1 Nb6 39. Nd8 Ne5 40. e4 Nbd7 41. Nxb7 Nf6 42. Rd8+ Kh7 43. gxf6 Rxb7 44. Kg2 gxf6 45. Rxf6 g5 46. hxg5 Rxb3 47. Re6 Rb5 48. Ra8 Kg7 49. Ra7+ Kf8 50. g6 Rb2+ 51. Kf1 Rb1+ 52. Ke2 Rb2+ 53. Kd1 1-0

[Event "Douglas IoM op"]
[Site "Douglas"]
[Date "2018.10.26"]
[Round "7"]
[White "Grant, Jonathan"]
[Black "Rahul, Srivatshav P"]
[Result "0-1"]
[WhiteElo "2203"]
[BlackElo "2395"]
[PlyCount "66"]
[EventDate "2018.10.20"]
[EventType "swiss"]
[EventRounds "9"]
[EventCountry "ENG"]
[SourceTitle "CBM 187"]
[Source "ChessBase"]
[SourceDate "2018.12.11"]
[SourceVersion "1"]
[SourceVersionDate "2018.12.11"]
[SourceQuality "1"]

1. c4 e5 2. Nc3 d6 3. g3 f5 4. Bg2 Nf6 5. d3 Be7 6. e4 fxe4 7. dxe4 0-0 8. Nge2 c6 9. 0-0 Be6 10. b3 a6 11. Be3 b5 12. cxb5 axb5 13. h3 Qc8 14. Kh2 Nbd7 15. f4 Nc5 16. f5 Bf7 17. b4 Na4 18. Nxa4 Rxa4 19. a3 Qa8 20. Qc1 Bc4 21. Re1 d5 22. exd5 cxd5 23. Bg5 h6 24. Bd2 Bd6 25. Nc3 Ra6 26. g4 Qa7 27. a4 Qf2 28. Kh1 e4 29. Be3 Qg3 30. Bg1 Nxg4 31. Qd2 Bf4 32. Qb2 e3 33. Nd1 Be5 0-1